000 01418cam a2200133 4500500
005 20251214002557.0
041 _afre
042 _adc
100 1 0 _aDreyer, Sylvain
_eauthor
245 0 0 _aRévolutions ! : Textes et films engagés - Cuba, Vietnam, Palestine
260 _bArmand Colin,
_c2013.
520 _aDans la France des années 60 et 70, des écrivains et des cinéastes comme Jean-Paul Sartre, Jean Genet, Jean-Luc Godard ou Chris Marker s’engagent en faveur des luttes tiers-mondistes. Après l’engouement des intellectuels pour l’URSS au début du siècle et les luttes de décolonisation, la révolution cubaine, la résistance vietnamienne et le mouvement palestinien symbolisent désormais l’espoir d’un socialisme à visage humain. Cette floraison de témoignages – articles, essais, pièces de théâtre, films de fiction et films militants – permet l’émergence d’une nouvelle forme d’engagement artistique : un engagement critique qui n’exclut ni la lucidité idéologique ni la sensibilité esthétique. À travers une rhétorique comparée de la littérature et du cinéma engagés, cet essai propose une exploration d’œuvres parfois méconnues d’artistes pourtant majeurs, qui s’interrogent sur les conditions d’une authentique politisation de l’art.
856 4 1 _uhttps://shs.cairn.info/revolutions--9782200284169?lang=fr&redirect-ssocas=7080
999 _c1567168
_d1567168